Marketing research (Record no. 27776)

MARC details
000 -LEADER
fixed length control field 01042nam a2200337Ia 4500
003 - CONTROL NUMBER IDENTIFIER
control field OSt
005 - DATE AND TIME OF LATEST TRANSACTION
control field 20220912145259.0
008 - FIXED-LENGTH DATA ELEMENTS--GENERAL INFORMATION
fixed length control field 220909b |||||||| |||| 00| 0 eng d
020 ## - INTERNATIONAL STANDARD BOOK NUMBER
International Standard Book Number 9780470524619 (pbk)
037 ## - SOURCE OF ACQUISITION
Terms of availability Textual
040 ## - CATALOGING SOURCE
Original cataloging agency CSL
Language of cataloging eng
Transcribing agency CSL
041 ## - LANGUAGE CODE
Language code of text/sound track or separate title eng
100 ## - MAIN ENTRY--PERSONAL NAME
Personal name Aaker David A
245 #0 - TITLE STATEMENT
Title Marketing research
250 ## - EDITION STATEMENT
Edition statement 10
260 ## - PUBLICATION, DISTRIBUTION, ETC.
Place of publication, distribution, etc. New Jersey
Name of publisher, distributor, etc. Wiley
Date of publication, distribution, etc. 2011
300 ## - PHYSICAL DESCRIPTION
Extent xvii, 701p.
Dimensions cm.
500 ## - GENERAL NOTE
General note Includes bibliographical references.; Appendix A1-A6, 653-676p.; Glossary 677-687p.; Index 688-701p.
650 ## - SUBJECT ADDED ENTRY--TOPICAL TERM
Topical term or geographic name entry element Marketing
650 ## - SUBJECT ADDED ENTRY--TOPICAL TERM
Topical term or geographic name entry element Operational research
700 ## - ADDED ENTRY--PERSONAL NAME
Personal name Day George S
700 ## - ADDED ENTRY--PERSONAL NAME
Personal name Leone Robert P
700 ## - ADDED ENTRY--PERSONAL NAME
Personal name V Kumar
942 ## - ADDED ENTRY ELEMENTS (KOHA)
Classification part B2T0b8B:f, P7;Q1
Koha item type Textual
Source of classification or shelving scheme Colon Classification (CC)
Holdings
Withdrawn status Lost status Damaged status Not for loan Home library Current library Date acquired Source of acquisition Total Checkouts Full call number Barcode Date last seen Price effective from Koha item type
        Central Science Library Central Science Library 2022-09-12 1580, 31/08/2010, Channel Publications   B2T0b8B:f P7;Q1 SL1533378 2022-09-12 2022-09-12 Textual
Copyright @ Delhi University Library System